| 000 | 00357nam a2200133Ia 4500 | ||
|---|---|---|---|
| 008 | 240624s9999 xx 000 0 und d | ||
| 041 | _aeng | ||
| 082 | _a658 DES | ||
| 100 | _aDESAI KIRTI C | ||
| 245 | _a101 GREAT IDEAS TO BOOST YOUR BUSINESS | ||
| 260 |
_c2009 _aNew Delhi _bSterling Paperbacks |
||
| 300 | _axiii, : 345 : p. : cm. ; 21 | ||
| 365 |
_cRS _b30 |
||
| 999 |
_c12472 _d12472 |
||